Catálogo público

Caracterización del queso madurado de la sierra de Tequila, Jalisco / (Record no. 220600)

MARC details
000 -CABECERA
campo de control de longitud fija 06024nam a2200457 a 4500
003 - IDENTIFICADOR DEL NÚMERO DE CONTROL
campo de control CHAP
005 - FECHA Y HORA DE LA ÚLTIMA TRANSACCIÓN
campo de control 20250707111605.0
007 - CAMPO FIJO DE DESCRIPCIÓN FÍSICA--INFORMACIÓN GENERAL
campo de control de longitud fija ta
008 - DATOS DE LONGITUD FIJA--INFORMACIÓN GENERAL
campo de control de longitud fija 250612s2024 mx bd||fsm||| 001 0 spa d
040 ## - FUENTE DE LA CATALOGACIÓN
Normas de descripción rda
041 ## - CÓDIGO DE LENGUA
Código de lengua del texto/banda sonora o título independiente spa
Código de lengua del sumario o resumen eng
100 1# - ENTRADA PRINCIPAL--NOMBRE DE PERSONA
Nombre de persona Lozada Vallejo, Esmeralda Griselda
9 (RLIN) 190637
240 10 - TÍTULO UNIFORME
Título uniforme Characterization of aged cheese from sierra de Tequila, Jalisco.
Lenguaje de la obra Español
245 10 - MENCIÓN DE TÍTULO
Título Caracterización del queso madurado de la sierra de Tequila, Jalisco /
Mención de responsabilidad, etc. Esmeralda Griselda Lozada Vallejo
264 ## - PRODUCCIÓN, PUBLICACIÓN, DISTRIBUCIÓN, FABRICACIÓN Y COPYRIGHT
Producción, publicación, distribución, fabricación y copyright Chapingo, México :
Nombre del de productor, editor, distribuidor, fabricante El autor,
Fecha de producción, publicación, distribución, fabricación o copyright 2024
300 ## - DESCRIPCIÓN FÍSICA
Extensión 1 recurso en línea (xi, 78 páginas) :
Otras características físicas mapas, gráficas, diagramas, tablas
336 ## - TIPO DE CONTENIDO
Fuente rdacontent
Término de tipo de contenido texto
Código de tipo de contenido txt
337 ## - TIPO DE MEDIO
Fuente rdamedia
Nombre/término del tipo de medio computadora
Código del tipo de medio c
338 ## - TIPO DE SOPORTE
Fuente rdacarrier
Nombre/término del tipo de soporte recurso en línea
Código del tipo de soporte cr
502 ## - NOTA DE TESIS
Nota de tesis Tesis
Tipo de título (Maestro en Ciencia y Tecnología Agroalimentaria) --
Nombre de la institución que otorga el título Departamento de Ingeniería Agroindustrial,
Año de obtención del título 2024
Información miscelánea Maestría
504 ## - NOTA DE BIBLIOGRAFÍA, ETC.
Nota de bibliografía, etc. Incluye bibliografías
520 3# - SUMARIO, ETC.
Sumario, etc. El Queso Madurado de la Sierra de Tequila, Jalisco, es un producto artesanal elaborado artesanalmente con leche cruda, cuya maduración determina su perfil único en sabor y textura. El objetivo de este trabajo fue determinar las características fisicoquímicas, microbiológicas, texturales y sensoriales del Queso Madurado, así como comprender las relaciones y la organización de los actores sociales involucrados en su cadena agroindustrial. Para el presente proyecto se recolectaron muestras de queso durante dos temporadas (lluvias y estiaje), llevando a cabo visitas de campo en enero y abril de 2024. Durante estas visitas, se realizaron entrevistas con los actores de la cadena agroindustrial. Posteriormente, se llevaron a cabo análisis proximal, textural, microbiológico y sensorial (Perfil Flash) a las muestras obtenidas. Las entrevistas proporcionaron información sobre la organización de la cadena agroindustrial, identificando tres eslabones principales en una integración vertical (Ganaderos, Queseros, Distribuidores). Conforme a lo obtenido, este queso es elaborado con leche cruda, prensado y madurado; teniendo una humedad intermedia (33.58-45.95%) y un alto contenido de grasa (39.64-47.13 g/100 g), además de un bajo recuento de bacterias mesófilas aerobias y una elevada carga de bacterias ácido-lácticas (7.93-8.68 log10UFC/g). El queso se presenta en piezas cilíndricas de entre 1 y 3 Kg, con una pasta semidura, firme y tajable. Sensorialmente presenta características distintivas, como un aroma y sabor ácido, características atribuidas a su proceso de maduración. Este queso artesanal se distingue por características únicas que están ligadas a la temporada de producción, proceso artesanal y a las condiciones particulares de la región, elementos vinculados al entorno geográfico y prácticas tradicionales de la Sierra de Tequila. Es fundamental llevar a cabo una caracterización de estos quesos artesanales, cuya existencia se ve amenazada de forma constante, lo cual permitirá fomentar su conservación y promover su valorización. --
520 3# - SUMARIO, ETC.
Sumario, etc. The Aged Cheese from Sierra de Tequila, Jalisco, is an artisanal product made with raw milk, whose maturation determines its unique flavor and texture profile. The objective of this study was to determine the physicochemical, microbiological, textural, and sensory characteristics of the Aged Cheese, as well as to understand the relationships and organization of the social actors involved in its agro-industrial chain. For this project, cheese samples were collected during two seasons (rainy and dry), with field visits conducted in January and April 2024. During these visits, interviews were conducted with the actors in the agro-industrial chain. Subsequently, proximal, textural, microbiological, and sensory analyses (Flash Profile) were carried out on the samples obtained. The interviews provided information on the organization of the agro-industrial chain, identifying three main links in a vertical integration (Farmers, Cheesemakers, Distributors). According to the results, this cheese is made with raw milk, pressed and aged; it has intermediate moisture content (33.58-45.95 %) and high fat content (39.64-47.13 g/100 g), as well as a low count of mesophilic aerobic bacteria and a high load of lactic acid bacteria (7.93-8.68 log10 CFU/g). The cheese is presented in cylindrical pieces between 1 and 3 Kg, with a semi-hard, firm, and sliceable texture. Sensorily, it has distinctive characteristics, such as an acidic aroma and flavor, attributed to its maturation process. This artisanal cheese is distinguished by unique characteristics linked to the production season, artisanal process, and particular conditions of the region, elements related to the geographical environment and traditional practices of the Sierra de Tequila. It is essential to carry out a characterization of these artisanal cheeses, whose existence is constantly threatened, to promote their conservation and enhance their value.
650 13 - PUNTO DE ACCESO ADICIONAL DE MATERIA--TÉRMINO DE MATERIA
Término de materia o nombre geográfico como elemento de entrada Queso artesanal
Fuente del encabezamiento o término atg
9 (RLIN) 144437
Subdivisión general Leche cruda
Subdivisión geográfica México
-- Jalisco
650 13 - PUNTO DE ACCESO ADICIONAL DE MATERIA--TÉRMINO DE MATERIA
Término de materia o nombre geográfico como elemento de entrada Maduración del queso
Fuente del encabezamiento o término atg
9 (RLIN) 148252
650 13 - PUNTO DE ACCESO ADICIONAL DE MATERIA--TÉRMINO DE MATERIA
Término de materia o nombre geográfico como elemento de entrada Quesos
Subdivisión general Propiedades fisicoquímicas
Fuente del encabezamiento o término atg
9 (RLIN) 148244
650 13 - PUNTO DE ACCESO ADICIONAL DE MATERIA--TÉRMINO DE MATERIA
Término de materia o nombre geográfico como elemento de entrada Quesos
Subdivisión general Propiedades sensoriales
Fuente del encabezamiento o término atg
9 (RLIN) 155076
650 13 - PUNTO DE ACCESO ADICIONAL DE MATERIA--TÉRMINO DE MATERIA
Término de materia o nombre geográfico como elemento de entrada Quesos
Subdivisión general Propiedades rheológicas
Fuente del encabezamiento o término atg
9 (RLIN) 142512
650 13 - PUNTO DE ACCESO ADICIONAL DE MATERIA--TÉRMINO DE MATERIA
Término de materia o nombre geográfico como elemento de entrada Quesos
Subdivisión general Microbiología
Fuente del encabezamiento o término atg
9 (RLIN) 147410
650 13 - PUNTO DE ACCESO ADICIONAL DE MATERIA--TÉRMINO DE MATERIA
Término de materia o nombre geográfico como elemento de entrada Artisan cheese
Fuente del encabezamiento o término atg
9 (RLIN) 185223
Subdivisión general Raw milk
Subdivisión geográfica Mexico
-- Jalisco
650 13 - PUNTO DE ACCESO ADICIONAL DE MATERIA--TÉRMINO DE MATERIA
Término de materia o nombre geográfico como elemento de entrada Cheese ripening
Fuente del encabezamiento o término atg
9 (RLIN) 148248
650 13 - PUNTO DE ACCESO ADICIONAL DE MATERIA--TÉRMINO DE MATERIA
Término de materia o nombre geográfico como elemento de entrada Cheeses
Subdivisión general Physicochemical properties
Fuente del encabezamiento o término atg
9 (RLIN) 148239
650 13 - PUNTO DE ACCESO ADICIONAL DE MATERIA--TÉRMINO DE MATERIA
Término de materia o nombre geográfico como elemento de entrada Cheeses
Subdivisión general Sensory properties
Fuente del encabezamiento o término atg
9 (RLIN) 155075
650 13 - PUNTO DE ACCESO ADICIONAL DE MATERIA--TÉRMINO DE MATERIA
Término de materia o nombre geográfico como elemento de entrada Cheeses
Subdivisión general Rheological properties
Fuente del encabezamiento o término atg
9 (RLIN) 148387
650 13 - PUNTO DE ACCESO ADICIONAL DE MATERIA--TÉRMINO DE MATERIA
Término de materia o nombre geográfico como elemento de entrada Cheeses
Subdivisión general Microbiology
Fuente del encabezamiento o término atg
9 (RLIN) 147407
700 1# - PUNTO DE ACCESO ADICIONAL--NOMBRE DE PERSONA
Nombre de persona Hernández Rodríguez, Blanca Elizabeth
9 (RLIN) 161439
Término indicativo de función/relación directora
700 1# - PUNTO DE ACCESO ADICIONAL--NOMBRE DE PERSONA
Nombre de persona Sandoval Castilla, Ofelia
9 (RLIN) 151810
Término indicativo de función/relación asesora
700 1# - PUNTO DE ACCESO ADICIONAL--NOMBRE DE PERSONA
Nombre de persona Lobato Calleros, Consuelo Silvia Olivia
9 (RLIN) 151494
Término indicativo de función/relación asesora
856 40 - LOCALIZACIÓN Y ACCESO ELECTRÓNICOS
Identificador Uniforme del Recurso http://10.13.5.2/tesis/tm/2212037-3_LOZADA_VALLEJO_%20ESMERALDA_GRISELDA.pdf
Texto de enlace DESCARGAR PDF
942 ## - ELEMENTOS DE PUNTO DE ACCESO ADICIONAL (KOHA)
Fuente del sistema de clasificación o colocación Clasificación Universidad Autónoma Chapingo
Tipo de ítem Koha Tesis digital
Holdings
Estado de retiro Estado de pérdida Fuente del sistema de clasificación o colocación Estado dañado No para préstamo Código de colección Localización permanente Ubicación/localización actual Ubicación en estantería Fecha de adquisición Fuente de adquisición Total de préstamos Código de barras Fecha visto por última vez Precio válido a partir de Tipo de ítem Koha
    Clasificación Universidad Autónoma de Chapingo     Tesis digitales de Maestría Ingenieria Agroindustrial Ingenieria Agroindustrial En línea 12/06/2025 El autor   120101551 12/06/2025 12/06/2025 Tesis digital